000 01782nam a2200337 a 4500
001 BRCA_3099
005 20190320204118.0
008 280109s1839----fr-a---###---#000-0#fre-u
041 _afre
044 _afr
084 _a405
_b.C673
_c1839
100 1 _aCervantes Saavedra, Miguel de
_d1547-1616
_9213
245 1 0 _aHistoire de L´Admirable Don Quichotte de la Manche
_cMiguel de Cervantes Saavedra.
260 _aParís
_bCorbet Ainé
_c1839
300 _a506 p.
_bil.
_c25 cm.
500 _aContenido : Retrato de Cervantes por Deveria. Prólogo de la primera parte. Texto abreviado de ambas partes. Continuación por el traductor
500 _aEdición : Traduction de Filleau de Saint-Martin, corrigée et revue sur le texte espagnol. Ornée de gravures, dessinée par Deveria
500 _aNo obstante anunciarse en la portada que es la traducción de Saint-Martin corregida en vista del texto español, es lo cierto, que esta edición no contiene más que la traducción de aquél, pero aún más abreviada. La continuación, asímismo, está abreviada. El retrato de Cervantes fue dibujado por Deveria y grabado por Lefevre. Es una edición económica. Rústica Lúdovik Osterc
500 _aEstado físico : Encuadernación en papel maltratada
500 _aQM331
546 _aTexto en : francés
650 1 4 _aNovela española
_yÉpoca clásica, 1500-1700
_9215
650 1 4 _aLiteratura española
_yÉpoca clásica, 1500-1700
_9216
650 1 4 _aNovela española
_ySiglo XVII
_9217
650 1 4 _aDon Quijote (Personaje ficticio)
_eNovela
_9218
700 1 _aSaint-Martin, Francois Filleau de
_d1632-1695
_eTraductor
_98448
700 1 _aDevería
_eIlustrador
_98449
740 0 _aEl Ingenioso Hidalgo Don Quijote de la Mancha
902 _aQFM
942 _2lcc
_cB
999 _c2835
_d2835